[Event "standard tournament this time :)"]
[Site "SchemingMind.com"]
[Date "2004.06.17"]
[Round "-"]
[White "refutor"]
[Black "karelen"]
[Result "0-1"]
[WhiteCountry "CAN"]
[BlackCountry "SWE"]
[WhiteElo "1545"]
[WhiteRD "66"]
[BlackElo "1940"]
[BlackRD "162"]
[GameID "2581"]

1. f4 e5 2. e4 exf4 3. Nf3 d6 4. d4 g5 5. h4 g4 6. Ng5 f6 7. Nf7 Kxf7 8. Bc4+ Ke8 9. Bxf4 Nc6 10. O-O f5
11. exf5 Qxh4 12. Qe2+ Kd8 13. g3 Qh3 14. Bg5+ Be7 15. f6 Nxf6 16. Qe3 Nh5 17. d5 Qxg3+ 18. Qxg3 Nxg3 19. Bxe7+ Nxe7 20. Rf4 Nxd5
21. Rxg4 Bxg4
0-1

[Event "standard tournament this time :)"]
[Site "SchemingMind.com"]
[Date "2004.06.17"]
[Round "-"]
[White "karelen"]
[Black "refutor"]
[Result "1-0"]
[WhiteCountry "SWE"]
[BlackCountry "CAN"]
[WhiteElo "1940"]
[WhiteRD "162"]
[BlackElo "1545"]
[BlackRD "66"]
[GameID "2582"]

1. e4 e5 2. f4 exf4 3. Nf3 g5 4. Nc3 g4 5. Ne5 Qh4+ 6. g3 fxg3 7. Qxg4 g2+ 8. Qxh4 gxh1=Q 9. Qh5 Nh6 10. d4 d6
11. Bxh6 dxe5 12. Qxe5+ Be6 13. Qxh8 Nd7 14. Bxf8 O-O-O 15. Qxh7 Rxf8 16. O-O-O Qf3 17. Qh6 c6 18. d5 Bg4 19. dxc6 bxc6 20. Ba6+ Kc7
21. Qd6+ Kb6 22. Nd5+ Kxa6 23. Qxc6+ Nb6 24. Nc7+
1-0

[Event "standard tournament this time :)"]
[Site "SchemingMind.com"]
[Date "2004.06.17"]
[Round "-"]
[White "Barry"]
[Black "refutor"]
[Result "1-0"]
[WhiteCountry "GBR"]
[BlackCountry "CAN"]
[WhiteElo "1776"]
[WhiteRD "113"]
[BlackElo "1545"]
[BlackRD "66"]
[GameID "2584"]

1. d4 Nf6 2. Nf3 g6 3. e3 d5 4. c4 Bg7 5. Nc3 O-O 6. b3 Bg4 7. Be2 c6 8. O-O Nbd7 9. h3 Bxf3 10. Bxf3 Rc8
11. cxd5 cxd5 12. Nxd5 Nxd5 13. Bxd5 Qb6 14. Bb2 Nf6 15. Bc4 e6 16. Rc1 a6 17. Rc2 Ne4 18. Qa1 Qb4 19. a4 b5 20. Ba3 Qa5
21. Bxf8 bxc4 22. Bxg7 Kxg7 23. d5+ Kf8 24. Qh8+
1-0

[Event "standard tournament this time :)"]
[Site "SchemingMind.com"]
[Date "2004.06.17"]
[Round "-"]
[White "Barry"]
[Black "karelen"]
[Result "0-1"]
[WhiteCountry "GBR"]
[BlackCountry "SWE"]
[WhiteElo "1743"]
[WhiteRD "95"]
[BlackElo "2006"]
[BlackRD "143"]
[GameID "2585"]

1. d4 d5 2. c4 dxc4 3. Nc3 a6 4. Qa4+ b5 5. Qd1 e6 6. Nf3 Nf6 7. Bg5 Bb7 8. e3 h6 9. Bh4 c5 10. dxc5 Qxd1+
11. Rxd1 Bxc5 12. Bxf6 gxf6 13. Be2 Rg8 14. O-O Nd7 15. g3 Ne5 16. Nxe5 fxe5 17. Rd2 Ke7 18. Rfd1 Rad8 19. Bf1 f5 20. Bg2 Bxg2
21. Kxg2 Rxd2 22. Rxd2 Rd8 23. Rxd8 Kxd8 24. Kf3 b4 25. Nd1 Kd7 26. g4= e4+ 27. Kg3 Bd6+ 28. Kh3 Be5 29. gxf5 exf5 30. Kg2 Bxb2
0-1

[Event "standard tournament this time :)"]
[Site "SchemingMind.com"]
[Date "2004.06.17"]
[Round "-"]
[White "refutor"]
[Black "Barry"]
[Result "0-1"]
[WhiteCountry "CAN"]
[BlackCountry "GBR"]
[WhiteElo "1536"]
[WhiteRD "63"]
[BlackElo "1743"]
[BlackRD "95"]
[GameID "2586"]

1. e4 e5 2. Nf3 Nc6 3. Bb5 a6 4. Ba4 b5 5. Bb3 h6 6. c3 Bc5 7. Nxe5 Nxe5 8. d4 Bd6 9. dxe5 Bc5 10. Qf3 Qe7
11. O-O Bb7 12. Nd2 O-O-O 13. Qxf7 Qxe5 14. Re1 Rf8 15. Nf3 Bxf2+ 16. Kxf2 Rxf7 17. Bxf7 Qe7 18. Bd5 Nf6 19. Bxb7+ Kxb7 20. Bd2 Re8
21. e5 Nd5 22. Nd4 Qh4+ 23. Kg1 Qh5 24. Nf3 Qg4 25. Rad1 Rf8 26. Nd4 Nf4 27. g3 Nd3 28. Rf1 Rxf1+ 29. Rxf1 Nxe5 30. Rf4 Qd1+
0-1

[Event "standard tournament this time :)"]
[Site "SchemingMind.com"]
[Date "2004.06.17"]
[Round "-"]
[White "karelen"]
[Black "Barry"]
[Result "1-0"]
[WhiteCountry "SWE"]
[BlackCountry "GBR"]
[WhiteElo "1940"]
[WhiteRD "162"]
[BlackElo "1776"]
[BlackRD "113"]
[GameID "2587"]

1. e4 e5 2. Nf3 Nc6 3. Bb5 a6 4. Ba4 b5 5. Bb3 Bc5 6. c3 d6 7. d4 exd4 8. cxd4 Bb4+ 9. Nc3 Nge7 10. Ng5 O-O
11. Qh5
1-0

[Event "standard tournament this time :)"]
[Site "SchemingMind.com"]
[Date "2004.06.18"]
[Round "-"]
[White "Gary"]
[Black "Barry"]
[Result "0-1"]
[WhiteCountry "ENG"]
[BlackCountry "GBR"]
[WhiteElo "1632"]
[WhiteRD "61"]
[BlackElo "1744"]
[BlackRD "93"]
[GameID "2601"]

1. c4 e5 2. Nc3 Nf6 3. g3 Bc5 4. Bg2 d6 5. e3 O-O 6. Nge2 c6 7. O-O Be6 8. b3 Qd7 9. d4 exd4 10. exd4 Bb6
11. Re1 Bg4 12. Be3 Re8 13. Na4 Ba5 14. Rf1 Ne4 15. f3 Nf6 16. Bg5 Bh3 17. Bxf6 Bxg2 18. Kxg2 Qe6 19. Nac3 Qxf6 20. Rc1 Nd7
21. a3 Bxc3 22. Nxc3 Re3 23. Ne4 Qh6 24. Qd2 Rxe4
0-1

[Event "standard tournament this time :)"]
[Site "SchemingMind.com"]
[Date "2004.06.18"]
[Round "-"]
[White "Gary"]
[Black "refutor"]
[Result "1-0"]
[WhiteCountry "ENG"]
[BlackCountry "CAN"]
[WhiteElo "1655"]
[WhiteRD "65"]
[BlackElo "1536"]
[BlackRD "63"]
[GameID "2602"]

1. c4 f5 2. Nf3 g6 3. e3 c5 4. d4 cxd4 5. exd4 Bg7 6. Be2 Nf6 7. O-O O-O 8. Nc3 d6 9. b3 Nbd7 10. Bb2 e5
11. dxe5 dxe5 12. Nd5 Nxd5 13. cxd5 e4 14. Nd4 Qb6 15. Rc1 Nf6 16. Ne6 Bxe6 17. dxe6 Qxe6 18. Bc4
1-0

[Event "standard tournament this time :)"]
[Site "SchemingMind.com"]
[Date "2004.06.18"]
[Round "-"]
[White "Gary"]
[Black "karelen"]
[Result "0-1"]
[WhiteCountry "ENG"]
[BlackCountry "SWE"]
[WhiteElo "1606"]
[WhiteRD "61"]
[BlackElo "2032"]
[BlackRD "118"]
[GameID "2603"]

1. c4 e5 2. Nf3 Nc6 3. Nc3 Nf6 4. d4 exd4 5. Nxd4 Bb4 6. Nxc6 Bxc3+ 7. bxc3 bxc6 8. Bg5 h6 9. Bh4 c5 10. e3 Bb7
11. f3 Qe7 12. Qd2 O-O 13. Bd3 Rfe8 14. Bf2 Rab8 15. O-O d6 16. Rab1 Nd7 17. a4 Ne5 18. a5 Bxf3 19. Qc2 Qg5 20. g3 Rxb1
21. Rxb1 Nxd3 22. Qxd3 Be4
0-1

[Event "standard tournament this time :)"]
[Site "SchemingMind.com"]
[Date "2004.06.18"]
[Round "-"]
[White "Barry"]
[Black "Gary"]
[Result "1/2-1/2"]
[WhiteCountry "GBR"]
[BlackCountry "ENG"]
[WhiteElo "1744"]
[WhiteRD "93"]
[BlackElo "1632"]
[BlackRD "61"]
[GameID "2604"]

1. e4 c5 2. Nf3 d6 3. Bc4 Nf6 4. d3 Bg4 5. O-O a6 6. Bg5 e6 7. h3 Bh5 8. Nbd2 Be7 9. c3 O-O 10. Qc2 b5
11. Bb3 Nc6 12. Rfe1 d5 13. exd5 exd5 14. a3 c4 15. dxc4 dxc4 16. Ba2 Rc8 17. Rad1 Qc7 18. Bxf6 Bxf6 19. Bb1 Bg6 20. Qc1 Bxb1
21. Qxb1 Rfe8 22. Ne4 Qf4 23. Nxf6+ Qxf6 24. Re4 Rxe4 25. Qxe4 h6 26. Rd5 Qe6 27. Qxe6 fxe6 28. Rc5 Ne7 29. Rxc8+= Nxc8 30. Nd4 Kf7
31. f4 Kf6 32. Kf2 e5 33. fxe5+ Kxe5=
1/2-1/2

[Event "standard tournament this time :)"]
[Site "SchemingMind.com"]
[Date "2004.06.18"]
[Round "-"]
[White "refutor"]
[Black "Gary"]
[Result "0-1"]
[WhiteCountry "CAN"]
[BlackCountry "ENG"]
[WhiteElo "1536"]
[WhiteRD "63"]
[BlackElo "1655"]
[BlackRD "65"]
[GameID "2605"]

1. d4 f5 2. c4 Nf6 3. Nc3 g6 4. h4 Bg7 5. h5 Nxh5 6. e4 Nf6 7. e5 Ne4 8. Nxe4 fxe4 9. Bh6 O-O 10. Qc2 d5
11. exd6 exd6 12. O-O-O Bf5 13. f3 Bxh6+ 14. Rxh6 Qg5+ 15. Qd2 e3 16. Rxg6+ Bxg6 17. Qe2 Qf5
0-1

[Event "standard tournament this time :)"]
[Site "SchemingMind.com"]
[Date "2004.06.18"]
[Round "-"]
[White "karelen"]
[Black "Gary"]
[Result "1-0"]
[WhiteCountry "SWE"]
[BlackCountry "ENG"]
[WhiteElo "2049"]
[WhiteRD "117"]
[BlackElo "1634"]
[BlackRD "62"]
[GameID "2606"]

1. e4 c5 2. Nc3 d6 3. f4 Nc6 4. Nf3 Bg4 5. Bc4 Nf6 6. O-O e6 7. h3 Bxf3 8. Qxf3 Be7 9. f5 a6 10. fxe6 O-O
11. exf7+ Kh8 12. d3 Ne5 13. Qf5 Nxc4 14. dxc4 Rxf7 15. b3 Rf8 16. Bb2 Qd7 17. Qxd7 Nxd7 18. Nd5 Bg5 19. Rf5 Rxf5 20. exf5 Rf8
21. g4 Ne5 22. Kg2 Kg8 23. Re1 Bf6 24. Nxf6+ gxf6 25. Rd1 Rd8 26. Bxe5 fxe5 27. Kf3 h6 28. h4 Kf7 29. g5 Kg7 30. Ke4 hxg5
31. hxg5 Kf7 32. Rh1
1-0

[Event "standard tournament this time :)"]
[Site "SchemingMind.com"]
[Date "2004.06.20"]
[Round "-"]
[White "Tulkos"]
[Black "Barry"]
[Result "1-0"]
[WhiteCountry "USA"]
[BlackCountry "GBR"]
[WhiteElo "1684"]
[WhiteRD "126"]
[BlackElo "1743"]
[BlackRD "95"]
[GameID "2629"]

1. e4 e5 2. Nf3 Nc6 3. Bc4 Bc5 4. b4 Bxb4 5. c3 Bc5 6. d4 exd4 7. O-O Be7 8. Qb3 dxc3 9. Bxf7+ Kf8 10. Bxg8 Rxg8
11. Nxc3 Bf6 12. Ba3+ d6 13. Rad1 b6 14. Rfe1 Bg4 15. e5 Nxe5 16. Nxe5 Bxe5 17. Rxe5 Qf6 18. Rde1 c5 19. Nd5 Qf7 20. R5e4
1-0

[Event "standard tournament this time :)"]
[Site "SchemingMind.com"]
[Date "2004.06.20"]
[Round "-"]
[White "Tulkos"]
[Black "Gary"]
[Result "0-1"]
[WhiteCountry "USA"]
[BlackCountry "ENG"]
[WhiteElo "1518"]
[WhiteRD "105"]
[BlackElo "1634"]
[BlackRD "62"]
[GameID "2630"]

1. e4 c5 2. Nc3 d6 3. Bc4 Nf6 4. Nf3 a6 5. a4 e6 6. O-O Be7 7. d4 b6 8. e5 Nfd7 9. dxc5 d5 10. Bxd5 exd5
11. Qxd5 Ra7 12. cxb6 Nxb6 13. Qxd8+ Bxd8 14. Be3 Rd7 15. b4 O-O 16. b5 Nd5 17. Nxd5 Rxd5 18. c4 Rd7 19. a5 Bb7 20. Nd4 Re8
21. f4 Be7 22. Nf5 Bb4 23. Rfb1 Bc3 24. Ra3 Bd2 25. Nd6 Bxe3+
0-1

[Event "standard tournament this time :)"]
[Site "SchemingMind.com"]
[Date "2004.06.20"]
[Round "-"]
[White "Tulkos"]
[Black "refutor"]
[Result "1-0"]
[WhiteCountry "USA"]
[BlackCountry "CAN"]
[WhiteElo "1684"]
[WhiteRD "126"]
[BlackElo "1536"]
[BlackRD "63"]
[GameID "2631"]

1. e4 e5 2. Nf3 Nc6 3. Bc4 Nf6 4. Ng5 d5 5. exd5 Na5 6. Bb5+ c6 7. dxc6 bxc6 8. Bd3 h6 9. Ne4 Nd5 10. Nbc3 Nf4
11. Bf1 Ne6 12. d3 Be7 13. Be2 O-O 14. O-O f5 15. Ng3 Qc7 16. Bd2 Nb7 17. Re1 Nd6 18. Bf3 Rb8 19. Rxe5 Nc4 20. Rxf5 Rxf5
21. Nxf5 Nxd2 22. Nxe7+ Qxe7 23. Qxd2 Nd4 24. Re1 Nxf3+ 25. gxf3 Qh4 26. Re8+ Kh7 27. Qe1 Bh3 28. Qe4+ Qxe4 29. Rxe4 Rxb2 30. Re2 a5
31. f4 a4 32. a3 Kg6 33. f3 Bf5 34. Kf2 h5 35. Nxa4 Ra2 36. Nb6 Rxa3 37. Nc4 Ra2 38. Ne5+ Kf6 39. Nxc6 g5 40. fxg5+ Kxg5
41. Nd4
1-0

[Event "standard tournament this time :)"]
[Site "SchemingMind.com"]
[Date "2004.06.20"]
[Round "-"]
[White "Tulkos"]
[Black "karelen"]
[Result "0-1"]
[WhiteCountry "USA"]
[BlackCountry "SWE"]
[WhiteElo "1518"]
[WhiteRD "105"]
[BlackElo "2049"]
[BlackRD "117"]
[GameID "2632"]

1. e4 d6 2. d4 Nf6 3. Nc3 g6 4. Bg5 Bg7 5. Nf3 a6 6. Qd2 O-O 7. Bh6 b5 8. Bxg7 Kxg7 9. Bd3 Nc6 10. e5 dxe5
11. dxe5 Ng4 12. Qf4 Ncxe5 13. Nxe5 Qd6 14. Qe4 Qxe5 15. Qxe5+ Nxe5 16. Be4 c6 17. O-O-O f5 18. Bf3 Nxf3 19. gxf3 Be6 20. Rhe1 Kf6
21. f4 Rad8 22. h4 Rd6 23. Re5 Rxd1+ 24. Kxd1 Rd8+ 25. Ke2 b4 26. Na4 Bc4+ 27. Ke1 Rd4 28. b3 Rxf4
0-1

[Event "standard tournament this time :)"]
[Site "SchemingMind.com"]
[Date "2004.06.20"]
[Round "-"]
[White "Barry"]
[Black "Tulkos"]
[Result "1-0"]
[WhiteCountry "GBR"]
[BlackCountry "USA"]
[WhiteElo "1743"]
[WhiteRD "95"]
[BlackElo "1684"]
[BlackRD "126"]
[GameID "2633"]

1. d4 d5 2. Nf3 c5 3. dxc5 Nc6 4. Bf4 e6 5. e3 Nf6 6. Bb5 Bxc5 7. Ne5 O-O 8. Bxc6 bxc6 9. Nxc6 Qb6 10. Nd4 Qxb2
11. Nd2 Bxd4 12. exd4 Qxd4 13. Be3 Qe5 14. O-O Ba6 15. Re1 d4 16. Nf3 Qc7 17. Nxd4 Rfd8 18. Qf3 Rab8 19. Bf4 Qxc2 20. Nxc2 Rb2
21. Red1 Nd5 22. Ne3 Be2 23. Qg3 Bxd1 24. Be5 f6 25. Bxb2
1-0

[Event "standard tournament this time :)"]
[Site "SchemingMind.com"]
[Date "2004.06.21"]
[Round "-"]
[White "Gary"]
[Black "Tulkos"]
[Result "0-1"]
[WhiteCountry "ENG"]
[BlackCountry "USA"]
[WhiteElo "1632"]
[WhiteRD "61"]
[BlackElo "1704"]
[BlackRD "119"]
[GameID "2634"]

1. c4 e5 2. Nf3 Nc6 3. Nc3 Bc5 4. g3 Nf6 5. Bg2 e4 6. Ng5 Bxf2+ 7. Kxf2 Ng4+ 8. Kg1 Qxg5 9. Nxe4 Qg6 10. d4 O-O
11. d5 Nce5 12. Qd4 d6 13. Bf4 Bf5 14. Bf3 Rfe8 15. Re1 b6 16. b4 Rac8 17. Nf2 Nxf3+
0-1

[Event "standard tournament this time :)"]
[Site "SchemingMind.com"]
[Date "2004.06.20"]
[Round "-"]
[White "refutor"]
[Black "Tulkos"]
[Result "0-1"]
[WhiteCountry "CAN"]
[BlackCountry "USA"]
[WhiteElo "1545"]
[WhiteRD "66"]
[BlackElo "1728"]
[BlackRD "229"]
[GameID "2635"]

1. d4 f5 2. c4 e6 3. Nc3 Nf6 4. Nf3 Be7 5. Bf4 d6 6. e3 O-O 7. Bd3 Nbd7 8. O-O b6 9. Rc1 Bb7 10. a4 c5
11. h3 Be4 12. d5 e5 13. Bg5 Bxf3 14. gxf3 Ne8 15. Bxe7 Qxe7 16. e4 f4 17. Kh2 Nef6 18. Rg1 Nh5 19. Nb5 Ndf6 20. Qf1 a6
21. Nc3 h6 22. Rb1 Nh7 23. b4 Rab8 24. b5= a5 25. Rg4 N5f6 26. Rg2 Ng5 27. Qe2 Qd7 28. Rh1 Qxh3+ 29. Kg1 Nxf3+
0-1

[Event "standard tournament this time :)"]
[Site "SchemingMind.com"]
[Date "2004.06.20"]
[Round "-"]
[White "karelen"]
[Black "Tulkos"]
[Result "1-0"]
[WhiteCountry "SWE"]
[BlackCountry "USA"]
[WhiteElo "2006"]
[WhiteRD "143"]
[BlackElo "1684"]
[BlackRD "126"]
[GameID "2636"]

1. d4 f5 2. e4 fxe4 3. Nc3 Nf6 4. g4 h6 5. f3 d5 6. h3 Nc6 7. fxe4 dxe4 8. Be3 e6 9. Qd2 Nd5 10. Nxe4 Nxe3
11. Qxe3 Qh4+ 12. Kd2 Be7 13. Nf3 Bg5 14. Nexg5 Qxg5 15. Nxg5 hxg5 16. Bd3
1-0

[Event "standard tournament this time :)"]
[Site "SchemingMind.com"]
[Date "2004.06.21"]
[Round "-"]
[White "calipo"]
[Black "Barry"]
[Result "1-0"]
[WhiteCountry "ARG"]
[BlackCountry "GBR"]
[WhiteElo "1961"]
[WhiteRD "125"]
[BlackElo "1743"]
[BlackRD "95"]
[GameID "2643"]

1. e4 e5 2. Nf3 Nc6 3. Bb5 a6 4. Bxc6 dxc6 5. Nc3 Bd6 6. d4 exd4 7. Qxd4 f6 8. Be3 Bg4 9. e5 Bxf3 10. exd6 Bh5
11. Qe4+ Kf8 12. g4 Bg6 13. Qb4 cxd6 14. O-O-O
1-0

[Event "standard tournament this time :)"]
[Site "SchemingMind.com"]
[Date "2004.06.21"]
[Round "-"]
[White "calipo"]
[Black "Gary"]
[Result "1-0"]
[WhiteCountry "ARG"]
[BlackCountry "ENG"]
[WhiteElo "2004"]
[WhiteRD "117"]
[BlackElo "1632"]
[BlackRD "61"]
[GameID "2644"]

1. e4 c5 2. Nf3 d6 3. d4 cxd4 4. Nxd4 Nf6 5. Nc3 a6 6. Be3 e5 7. Nb3 Be7 8. Be2 O-O 9. O-O Be6 10. Qd2 Nc6
11. Rfd1 b5 12. f3 Ne8 13. a4 b4 14. Nd5 a5 15. Bb5 Bxd5 16. Qxd5 Nd4 17. Nxd4 Nf6 18. Qb3 exd4 19. Bxd4 Qc7 20. c3 bxc3
21. Qxc3 Qxc3 22. Bxc3 Rfc8 23. Rac1 h6 24. Kf2 Rc7 25. Ke3 Nd7 26. Bxa5 Rxc1 27. Rxc1 Rxa5 28. Bxd7
1-0

[Event "standard tournament this time :)"]
[Site "SchemingMind.com"]
[Date "2004.06.21"]
[Round "-"]
[White "calipo"]
[Black "refutor"]
[Result "1-0"]
[WhiteCountry "ARG"]
[BlackCountry "CAN"]
[WhiteElo "1961"]
[WhiteRD "125"]
[BlackElo "1536"]
[BlackRD "63"]
[GameID "2645"]

1. e4 c6 2. d4 d5 3. Nc3 dxe4 4. Nxe4 Bf5 5. Ng3 Bg6 6. h4 h6 7. Nf3 Nd7 8. Bd3 Bxd3 9. Qxd3 Qc7 10. Bd2 Ngf6
11. O-O-O e6 12. Rhe1 Bd6 13. Nf5 O-O-O 14. Nxd6+ Qxd6 15. Ba5 b6 16. Ne5 Nxe5 17. Qa6+ Kb8 18. dxe5 Qc5 19. exf6 Rxd1+ 20. Rxd1 Qxa5
21. fxg7 Rg8 22. Qd3 Rxg7 23. Qd8+ Kb7 24. Rd7+ Ka6 25. Qc8+ Kb5 26. c4+ Kxc4 27. Qxc6+
1-0

[Event "standard tournament this time :)"]
[Site "SchemingMind.com"]
[Date "2004.06.21"]
[Round "-"]
[White "calipo"]
[Black "Tulkos"]
[Result "1-0"]
[WhiteCountry "ARG"]
[BlackCountry "USA"]
[WhiteElo "1961"]
[WhiteRD "125"]
[BlackElo "1684"]
[BlackRD "126"]
[GameID "2646"]

1. e4 e5 2. Nf3 Nc6 3. Bb5 a6 4. Bxc6 dxc6 5. Nc3 Bg4 6. h3 Bxf3 7. Qxf3 Nf6 8. d3 Qd7 9. a3 Bc5 10. Bg5 Be7
11. O-O O-O-O 12. b3 h6 13. Bxf6 Bxf6 14. a4 Qd4 15. Ne2 Qc5 16. Qf5+ Kb8 17. Ra2 Rhf8 18. Rb1 Be7 19. b4 Qd6 20. b5 cxb5
21. axb5 Qb6 22. Qxe5 Bf6 23. Qf4 a5 24. e5 Bxe5 25. Qxe5 Rfe8 26. Qh5 Qe6 27. Rxa5 Qxe2 28. Rba1 c6 29. Qxf7 Re7 30. Qf4+ Qe5
31. b6 Qxf4 32. Ra8#
1-0

[Event "standard tournament this time :)"]
[Site "SchemingMind.com"]
[Date "2004.06.21"]
[Round "-"]
[White "calipo"]
[Black "karelen"]
[Result "1-0"]
[WhiteCountry "ARG"]
[BlackCountry "SWE"]
[WhiteElo "1995"]
[WhiteRD "105"]
[BlackElo "2032"]
[BlackRD "118"]
[GameID "2647"]

1. e4 c5 2. Nf3 Nc6 3. d4 cxd4 4. Nxd4 g6 5. Nc3 Bg7 6. Be3 Nf6 7. Bc4 O-O 8. Bb3 a5 9. f3 d5 10. Bxd5 Nxd5
11. exd5 Nb4 12. Nde2 e6 13. a3 Nxd5 14. Nxd5 exd5 15. Bd4 Bh6 16. O-O Re8 17. Nc3 Bf5 18. f4 Rc8 19. Qd2 b5 20. Rae1 Rxe1
21. Qxe1 f6 22. Nd1 Qd6 23. Qh4 Bg7 24. c3 Re8 25. Ne3 Bd7 26. b4 axb4 27. axb4 Re4 28. Ra1 Qc6= 29. Qf2 Bf8 30. Qa2 Be6=
31. Qa7 f5 32. Ra6 Qe8 33. Rb6 Bc8 34. Rb8 Re7 35. Qb6 Re6 36. Qxb5 Qxb5 37. Rxb5
1-0

[Event "standard tournament this time :)"]
[Site "SchemingMind.com"]
[Date "2004.06.21"]
[Round "-"]
[White "Barry"]
[Black "calipo"]
[Result "0-1"]
[WhiteCountry "GBR"]
[BlackCountry "ARG"]
[WhiteElo "1744"]
[WhiteRD "93"]
[BlackElo "2004"]
[BlackRD "117"]
[GameID "2648"]

1. e4 c5 2. Nf3 Nc6 3. d4 cxd4 4. Nxd4 Nf6 5. Nc3 g6 6. Nxc6 dxc6 7. Qxd8+ Kxd8 8. Bd3 Bg7 9. O-O e5 10. Bg5 h6
11. Bh4 g5 12. Bg3 Nh5 13. Rad1 Nxg3 14. hxg3 h5 15. f3 Ke7 16. Kf2 Be6 17. b3 h4 18. g4 Rad8 19. Na4 Kf6 20. c4 Bf8
21. Bc2= Bb4 22. Rxd8 Rxd8 23. Rd1 Rxd1 24. Bxd1 b5 25. cxb5 cxb5 26. Nb2 Ke7 27. Be2 Bc5+ 28. Kf1 Bd4 29. Nd1 a6 30. Bd3 Kd6
31. Ke2 Kc5 32. Kd2 Kb4 33. Kc2 Ka3 34. Kb1 Kb4 35. Nb2 Ka3 36. Nd1 Bd7 37. Be2 a5 38. Bd3 a4 39. bxa4 bxa4 40. Bc4 f6
41. Kc2 Kb4 42. Kd3 a3
0-1

[Event "standard tournament this time :)"]
[Site "SchemingMind.com"]
[Date "2004.06.24"]
[Round "-"]
[White "Gary"]
[Black "calipo"]
[Result "0-1"]
[WhiteCountry "ENG"]
[BlackCountry "ARG"]
[WhiteElo "1632"]
[WhiteRD "61"]
[BlackElo "2004"]
[BlackRD "117"]
[GameID "2649"]

1. c4 Nf6 2. Nf3 e6 3. g3 d5 4. b3 d4 5. Bg2 Nc6 6. O-O Be7 7. Bb2 O-O 8. d3 e5 9. Nbd2 Bg4 10. a3 Qd7
11. Re1 Rfe8 12. Rc1 Bh3 13. Bh1 Qf5 14. Nh4 Qe6 15. Ne4 Nxe4 16. Bxe4 Bxh4 17. gxh4 Qg4+ 18. Kh1 Qxh4 19. e3 Qxf2 20. Qh5 Bg2+
21. Bxg2 Qxb2 22. Bxc6 bxc6 23. exd4 exd4
0-1

[Event "standard tournament this time :)"]
[Site "SchemingMind.com"]
[Date "2004.06.21"]
[Round "-"]
[White "refutor"]
[Black "calipo"]
[Result "0-1"]
[WhiteCountry "CAN"]
[BlackCountry "ARG"]
[WhiteElo "1536"]
[WhiteRD "63"]
[BlackElo "1961"]
[BlackRD "125"]
[GameID "2650"]

1. Nf3 Nc6 2. e4 e5 3. Bb5 Nf6 4. O-O Nxe4 5. d4 Nd6 6. Bxc6 dxc6 7. dxe5 Nf5 8. Qxd8+ Kxd8 9. Rd1+ Bd7 10. g4 Nh6
11. Bxh6 gxh6 12. e6 fxe6 13. Ne5 Kc8 14. Rxd7 Bd6 15. Rxd6 cxd6 16. Nf7 Rg8 17. Nxd6+ Kc7 18. Nf7 Rxg4+ 19. Kf1 Rh4 20. Ke2 Rxh2
21. Nc3 Rf8 22. Ne5 Rfxf2+ 23. Ke3 Rxc2 24. Nf7 Rxb2 25. Rd1 Rh3+ 26. Kd4 Rb4+ 27. Kc5 Rhh4
0-1

[Event "standard tournament this time :)"]
[Site "SchemingMind.com"]
[Date "2004.06.21"]
[Round "-"]
[White "Tulkos"]
[Black "calipo"]
[Result "0-1"]
[WhiteCountry "USA"]
[BlackCountry "ARG"]
[WhiteElo "1684"]
[WhiteRD "126"]
[BlackElo "1961"]
[BlackRD "125"]
[GameID "2651"]

1. e4 c5 2. Nf3 Nc6 3. Bc4 g6 4. O-O Bg7 5. c3 Qb6 6. Qb3 Qxb3 7. Bxb3 d6 8. d3 Nf6 9. Bf4 O-O 10. Nbd2 Ng4
11. h3 Nge5 12. d4 Nxf3+ 13. Nxf3 cxd4 14. cxd4 Nxd4 15. Nxd4 Bxd4 16. Rab1 Be6 17. Bxe6 fxe6 18. Bg3 Rac8 19. Rfc1 e5 20. b3 e6
21. Kf1 d5 22. Ke2 dxe4 23. Rc4 b5 24. Rcc1 a5 25. a3 g5 26. a4 h5 27. h4 gxh4 28. Bxh4 b4 29. Kf1 Rc3 30. Ke2 Kh7
31. Bg3 Rxg3 32. fxg3 Rf2+ 33. Ke1 Rxg2 34. Rc7+ Kg6 35. Rc8 Rg1+
0-1

[Event "standard tournament this time :)"]
[Site "SchemingMind.com"]
[Date "2004.06.22"]
[Round "-"]
[White "karelen"]
[Black "calipo"]
[Result "1/2-1/2"]
[WhiteCountry "SWE"]
[BlackCountry "ARG"]
[WhiteElo "2032"]
[WhiteRD "118"]
[BlackElo "1995"]
[BlackRD "105"]
[GameID "2652"]

1. e4 c5 2. Nf3 Nc6 3. d4 cxd4 4. Nxd4 Nf6 5. Nc3 e6 6. Ndb5 d6 7. Bf4 e5 8. Bg5 a6 9. Na3 b5 10. Bxf6 gxf6
11. Nd5 f5 12. Bd3 Be6 13. O-O Bxd5 14. exd5 Ne7 15. Nxb5 Bg7 16. Nc3 e4 17. Bc4 Qa5 18. Qd2 Rc8 19. Bb3 Bxc3 20. bxc3 Qxc3
21. Qh6 Kd7 22. Ba4+ Kc7 23. Rab1 Rhg8 24. Rb3 Qg7 25. Qxg7 Rxg7 26. Rfb1 Kd8 27. Rb7 Rc7 28. R7b6 Rg6 29. Rxa6 Nxd5 30. Rb8+ Rc8
31. Rb7 Nc7 32. Ra5 d5 33. Bb3=
1/2-1/2